[Event "Jermuk FIDE GP"]
[Site "Jermuk"]
[Date "2009.08.16"]
[Round "7"]
[White "Eljanov, Pavel"]
[Black "Aronian, Levon"]
[Result "1-0"]
[WhiteElo "2716"]
[BlackElo "2768"]
[Annotator "Eljanov,P"]
[PlyCount "85"]
[EventDate "2009.08.09"]
[EventType "tourn"]
[EventRounds "13"]
[EventCountry "ARM"]
[EventCategory "19"]
[SourceTitle "CBM 132"]
[Source "ChessBase"]
[SourceDate "2009.09.16"]
[SourceVersion "1"]
[SourceVersionDate "2009.09.16"]
[SourceQuality "1"]

{Before this game I had had 6 draws in a row! Frankly speaking, I thought that
it was highly possible that this would be my next one! Vor dieser Partie hatte
ich 6 Remis in Serie! Offen gestanden hielt ich es für höchst wahrscheinlich,
dass dies mein nächstes sein würde!} 1. d4 d5 2. c4 c6 3. Nf3 Nf6 4. Nc3 e6 5.
e3 Nbd7 6. Qc2 {This is the first time in my life that I had played this move.
Dies ist das erste Mal in meinem Leben, dass ich diesen Zug gespielt hatte.}
Bd6 7. Bd3 O-O 8. O-O dxc4 9. Bxc4 a6 10. Rd1 b5 11. Bd3 {Quite a rare move
and it looks like there is a good reason for that. Ein recht seltener Zug, und
dies offenbar aus gutem Grund.} Qc7 12. a4 $146 {This was my idea. Das war
meine Idee.} b4 $1 13. Ne4 Nxe4 14. Bxe4 Nf6 15. Bd3 c5 16. b3 cxd4 17. Qxc7
Bxc7 18. Nxd4 Bb7 $11 {During my preparation I thought somehow that this
endgame should be a bit better for White. But here I realised that Black has
no problems at all. Levon neutralised my preparation without any pressure! 
Bei meiner Vorbereitung hatte ich gedacht, dass dieses Endspiel irgendwie
einen Tick besser für Weiß sein sollte. Doch hier wurde mir klar, dass Schwarz
keinerlei Probleme hat. Levon hatte meine Vorbereitung ohne jeglichen Druck
neutralisiert!} 19. Bb2 Rac8 20. Rac1 Be5 $1 21. f3 {This is the only active
plan to restrict the black pieces by playing f3 and e4. Dies ist der einzige
aktive Plan, um die schwarzen Figuren mit f3 und e4 zu hemmen.} h5 (21... Nd5
22. Kf2 Nc3 23. Bxc3 Rxc3 24. Rxc3 bxc3 25. Rc1 $14) 22. Kf2 a5 (22... Bxh2 {
was possible and maybe the strongest as I got a more pleasant position in the
game. war möglich und vielleicht auch am stärksten, denn in der Partie erhielt
ich eine angenehmere Stellung.} 23. g3 h4 24. gxh4 Be5 25. f4 Bb8 26. Nf3 $132)
(22... Nd7 23. Be2) 23. Bc4 $1 {A very important move as I should stop Black's
main idea to transfer the knight to c5. Ein ganz wichtiger Zug, denn ich
sollte die Hauptidee von Schwarz unterbinden, den Springertransfer nach c5.} (
23. g3 Nd7 {and I need to be careful already. und ich muss bereits aufpassen.})
23... Nd5 (23... Bxh2 24. Nxe6 $1 {The point of 23.Bc4! Die Pointe von 23.Bc4!}
fxe6 (24... Ne4+ 25. Ke1) 25. Bxe6+ Kh7 26. Bxc8 Ne4+ 27. Ke1 Bxc8 28. Rxc8
Rxc8 29. fxe4 $16) 24. g3 Nb6 25. Bb5 Rfd8 (25... Bd5 26. Rxc8 Rxc8 27. Rd2 $1
Bf6 28. e4 Bb7 29. Ke3 $14) 26. Rxc8 Rxc8 27. e4 h4 {Levon said after the game
that this move is wrong, but on the other hand I don't see full equality for
Black anyway. Levon sagte nach der Partie, dass dieser Zug falsch sei, aber
andererseits sehe ich auch sonst keinen vollen Ausgleich für Schwarz.} (27...
Bf6 28. Ke3 e5 29. Ne2 Rc2 30. Bc1 (30. Rd2 $2 Bxe4 $1) 30... Bc8 31. Rd6 Na8
32. Kd3 Rc7 33. Bb2 $16) (27... g5 28. Ke3 Bg7 29. Rc1 $14) (27... Rd8 28. Ke3
$14) 28. gxh4 Bf6 29. Ke3 $1 ({Rybka prefers the greedy Rybka bevorzugt das
gierige} 29. Kg3 Rd8 30. Be2 Nc8 {but I don't see how to regroup my pieces
here. , aber ich sehe nicht, wie ich hier meine Figuren umgruppieren soll.})
29... Bxh4 30. Ne2 Bg5+ {Dieser Zug missfiel Levon ebenfalls. Aber es sieht so
aus, als wäre er ebenfalls nicht schlecht.  Levon disliked this move also. But
it looks like it is also not bad.} 31. f4 Bd8 {Now my pawn chain is not so
strong and I need to bear in mind ...f5. Nun ist meine Bauernkette nicht mehr
so stark, und ich muss mit ...f5 rechnen.} 32. Rg1 g6 33. Bd4 Na8 $2 {But this
is a real mistake. Aber das ist ein echter Fehler.} ({Black should play
Angezeigt war} 33... Kf8 $1 34. h4 $5 (34. Rg3 Ke7 35. Rh3 Nd7 $11) 34... Ke7
35. h5 gxh5 36. Rg7 {with the initiative but Black should hold I believe. mit
Initiative, aber Schwarz sollte sich meines Erachtens halten können.}) 34. f5
$1 {Now all the black pieces are too far away. Nun stehen sämtliche schwarzen
Figuren zu weit abseits.} exf5 35. exf5 Bd5 36. fxg6 Bxb3 37. Nf4 f6 (37...
fxg6 38. Nxg6 Rc7 39. Bc6 $5 Rxc6 40. Ne5+ Kf8 41. Nxc6 Bc7 42. h4 $18) (37...
Kf8 38. h4 {I don't believe that Black can survive here. Ich glaube nicht,
dass Schwarz hier überleben kann.}) 38. Bd7 Rc2 {After this my task is very
simple. Danach ist meine Aufgabe sehr einfach.} (38... Rc7 39. Bf5 Nb6 40. h4
Nd5+ 41. Nxd5 Bxd5 42. h5 $16 {White should win also. sollte Weiß ebenfalls
gewinnen.}) 39. Bf5 $1 Rxh2 40. Rc1 Bc7 (40... Nb6 41. Be6+ (41. Kf3 Kg7 42.
Kg3 Rh8 43. Kg4 Rh2 44. Rc6 Nxa4 45. Nh5+ $18) 41... Bxe6 42. Nxe6 Rg2 43. Rc6
Nxa4 44. Nf4 $1 Rg1 45. Ke2 $18) 41. Bxf6 $1 {I was lucky to reach the time
control just at this moment! Ich hatte Glück, just in diesem Moment die
Zeitkontrolle zu erreichen!} ({As after Denn nach} 41. Be6+ $2 Bxe6 42. Nxe6 b3
$1 {it's amazing but I don't see how to win: sehe ich verblüffender Weise
keinen Gewinn:} 43. Nxc7 b2 44. Bxb2 Nxc7 45. Rxc7 Rxb2 $11) 41... Bb6+ 42. Kf3
Nc7 43. Kg3 1-0

[Event "Gibraltar Masters"]
[Site "Caleta"]
[Date "2005.01.31"]
[Round "7"]
[White "Kekki, Petri"]
[Black "Erenburg, Sergey"]
[Result "0-1"]
[WhiteElo "2362"]
[BlackElo "2551"]
[Annotator "Erenburg,S"]
[PlyCount "80"]
[EventDate "2005.01.25"]
[EventType "swiss"]
[EventRounds "10"]
[EventCountry "GGB"]
[SourceTitle "CBM 104 Extra"]
[Source "ChessBase"]
[SourceDate "2005.03.01"]
[SourceVersion "1"]
[SourceVersionDate "2005.03.01"]
[SourceQuality "1"]

1. d4 d5 2. c4 e6 3. Nc3 c6 4. e3 Nf6 5. Nf3 Nbd7 6. Qc2 Bd6 7. Bd3 O-O 8. O-O
h6 {Interesting alternative to the main 8...dxc4 and 8...e5 lines.} (8... dxc4
9. Bxc4 {---> 1-0 Gurevich,M-Sasikiran,K/Bastia 2003/CBM 98/[Gurevich,M] (47)})
(8... Re8 $5 9. e4 dxc4 10. Bxc4 e5 {---> 0-1 Banikas,H-Skembris,S/Athens 1998/
CBM 069/[Lutz] (40)}) (8... Qe7 9. c5 Bc7 10. e4 dxe4 11. Nxe4 Nxe4 12. Bxe4
$14 {---> 0-1 Tsesarsky,I-Zoler,D/Kfar Sava 2001/CBM 083/[Tsesarsky] (40)}) (
8... e5 9. cxd5 cxd5 10. e4 dxe4 11. Nxe4 Nxe4 12. Bxe4 h6 13. Be3 exd4 14.
Bh7+ Kh8 15. Bxd4 Nf6 16. Bf5 {---> 1/2-1/2 Kramnik,V-Shirov,A/Frankfurt 2000/
CBM 078/[Lutz] (31)}) 9. e4 {Other attempts to fight for an advatntage are:} (
9. Rd1 {---> 1/2-1/2 Akesson,R-Lautier,J/Malmo 1999/CBM 072/[Lutz] (30)}) (9.
b3 b6 10. Bb2 Bb7 11. Rfd1 Qe7 {---> 1-0 Van Wely,L-Van den Doel,E/Rotterdam
2000/CBM 077/[Lutz] (46)}) 9... dxe4 10. Nxe4 Nxe4 11. Bxe4 c5 {I chose to
attack white's centre with the "c" pawn, in order to avoid symmetric pawn
structure:} (11... e5 12. Rd1 exd4 13. Nxd4 Nf6 14. Bf5 Qc7 15. h3 Bh2+ 16. Kf1
Be5 $11 {1/2-1/2 Dlugy,M-Kramnik,V/Internet ICC 1999/EXT 2005 (57)}) 12. b3 $2
$146 {Unsuccessful novelty. White weakened too much dark squares in his camp...
} ({Better was} 12. Rd1 Qc7 13. dxc5 Bxc5 14. Bd2 Nf6 15. b4 Be7 16. Bd3 b6 17.
Bc3 Bb7 18. Qe2 Rad8 $11 {1/2-1/2 Iljushin,A-Grigoriants,S/Tula 2002/CBM 087
ext (36)}) 12... cxd4 {forcing white's knight to move to the dark square in
the centre.} (12... f5 13. Bd3 cxd4 14. Nxd4 (14. Bb2 e5 $15) 14... Nc5 $15)
13. Nxd4 Nc5 $6 {[%cal Yd6h2,Yd8h4,Gh4d4] missing more attractive possibility:}
(13... f5 $1 14. Nxe6 (14. Bd3 Nc5 $15) (14. Bf3 Qh4 $19) 14... Qh4 15. f4 fxe4
16. Nxf8 Bxf8 $17) 14. Bh7+ Kh8 15. Rd1 {protecting the knight.} Qe7 {Now
black is ready to push forward his "f" and "e" pawns.} ({After immediate} 15...
f5 {white gets a sufficient compensation:} 16. Nb5 Bxh2+ 17. Kxh2 Qh4+ 18. Kg1
Kxh7 19. Bb2 $44) 16. Nf3 f5 (16... b6 {comes to consideration.}) 17. Bg6 e5
18. Bb2 {In some variations white has an option of sacrificing the exchange on
d6.} Bc7 $1 19. g3 $1 {preparing the h4 square for the knight.} ({Worse is} 19.
Re1 e4 20. Qd2 {[%cal Yd2h6]} Kg8 $1 $15 21. Rad1 Qe6 $1 22. Bh5 Nd3 $17) 19...
Qf6 20. Nh4 Be6 {completing the development.} 21. b4 $2 {This move plays in
black's hands, as black can transfer the knight to active position on the
kingside.} ({Worth consideration:} 21. f4 $5 $13) 21... Ne4 22. c5 (22. f4 Rfc8
) (22. Bh5 Kg8) 22... Ng5 $1 {Now everything is ready to manage initiative on
the kingside.} 23. Qe2 {intending to put pressure on black's "e" pawn.} (23. f4
{is bad in view of} Nh3+ 24. Kh1 Nxf4 $17) 23... Nh3+ $1 24. Kh1 f4 $36 {
threatening with the capture on g3.} 25. f3 (25. Rf1 Ng5 $1 $15 {[%cal Ye6d5]}
(25... Bd5+ 26. Be4 Bxe4+ 27. Qxe4 fxg3 28. Ng6+ Kg8 29. fxg3 Nf2+ 30. Rxf2
Qxf2 31. Nxf8 Rxf8 32. Bxe5 Bxe5 33. Qxe5 Qf3+ 34. Kg1 Qf2+ $11)) (25. Bc2 fxg3
26. Ng6+ Qxg6 27. Bxg6 Rxf2 $19) 25... fxg3 {liberating the f4 square for the
knight.} 26. hxg3 Nf4 $1 ({Less clear is} 26... Qg5 27. Be4 Qxg3 28. Ng6+ Kg8
29. Nxf8 Rxf8 30. Rf1 Rf4 31. Qh2 Nf2+ 32. Rxf2 Rh4 $13) 27. Qe4 ({After} 27.
Qc2 {black gets a direct attack:} Qg5 28. Kh2 e4 $1 29. Bxe4 Nh5 30. Ng6+ Kg8
31. Nxf8 Rxf8 $40) 27... Qg5 28. Kh2 Rad8 29. Qc2 $2 ({Better was} 29. a3 Bd5
30. Qe3 Kg8 $15) {[%tqu "En","Please find the best move for black.","","",
"e5e4","",10]} 29... e4 $1 {opening the dark-squared bishop, that make all
black's pieces coordinated!} 30. Qc3 (30. Bxe4 Nh5 31. Ng6+ Kg8 32. Nxf8 Rxf8
$40) {[%tqu "En","Please find the strongest move for black.","","","f4h5","",
10]} 30... Nh5 $1 {protecting the g7 pawn, and, attacking the g3 pawn. White
cannot neutralize black's initiative without big material loses...} 31. f4 Bxf4
$1 32. Bxh5 Qxh4+ 33. Kg1 (33. Kg2 Qh3+ $19) 33... Qxg3+ 34. Qxg3 Bxg3 $19 {
Black is a two pawns up without any compensatin from the white player. The
rest needs no comment.} 35. Kh1 e3 36. Kg2 Rxd1 37. Rxd1 Bh4 38. Bc3 Rf5 $1 39.
Bf3 e2 $1 40. Rh1 (40. Bxe2 Rf2+ $19) 40... Rg5+ (40... Rg5+ 41. Kh2 Bg3+ 42.
Kg2 Be1+ $19) 0-1

[Event "Capablanca Memorial-B 24th"]
[Site "Holguin"]
[Date "1989.06.02"]
[Round "12"]
[White "Shneider, Aleksandr"]
[Black "Gomez Segura, Adalberto"]
[Result "1-0"]
[WhiteElo "2465"]
[BlackElo "2385"]
[Annotator "Espig,L"]
[PlyCount "83"]
[EventDate "1989.05.22"]
[EventType "tourn"]
[EventRounds "13"]
[EventCountry "CUB"]
[EventCategory "7"]
[SourceTitle "EXT 2012"]
[Source "ChessBase"]
[SourceDate "2011.11.24"]
[SourceVersion "1"]
[SourceVersionDate "2011.11.24"]
[SourceQuality "1"]

{SCHACH 8/1989 Seite 19} 1. d4 d5 2. Nf3 Nf6 3. c4 c6 4. Nc3 e6 5. e3 Be7 6.
Bd3 O-O 7. O-O Nbd7 8. e4 dxe4 9. Nxe4 c5 10. Nxc5 Nxc5 11. dxc5 Bxc5 12. Bg5
b6 13. Qe2 Bb7 14. Rad1 Qe7 15. Ne5 Rfd8 16. Kh1 $1 {Bereitet f4 vor.} Bd4 17.
f4 Rac8 18. Bb1 h6 19. Bh4 Qc5 20. b3 Kf8 21. Rd3 {Droht schon vernichtenden
Angriff. Schwarz entschließt sich in seiner Not zu einer Radikallösung, wird
aber elegant zur Strecke gebracht.} g5 $6 22. b4 $1 Qc7 {[#]} 23. Ng6+ $3 {
Die schwarze Königsstellung wird restlos demoliert.} Kg7 (23... fxg6 24. fxg5 {
mit Rückgewinn der Figur bei hoffnungsloser schwarzer Stellung.}) 24. fxg5 hxg5
25. Bxg5 Ne4 ({Oder} 25... Qxc4 26. Ne5 $1 Bxe5 27. Qxe5) 26. Bxd8 Rxd8 27. Nf4
Qe5 28. Qg4+ {Am einfachsten, da nun Damentausch erzwungen ist.} Qg5 29. Qxg5+
Nxg5 30. Ne2 Bf6 31. Rxd8 Bxd8 32. Rd1 Bf6 33. Rd7 Bc6 34. Rxa7 b5 35. Rc7 Ba8
36. cxb5 Be5 37. Rc5 f6 38. b6 Nh3 39. Rxe5 fxe5 40. Nc3 Nf4 41. Be4 Nd5 42. a4
{und Schwarz gab endlich auf.} 1-0

[Event "EU-ch 4th"]
[Site "Istanbul"]
[Date "2003.06.05"]
[Round "6"]
[White "Rytshagov, Mikhail"]
[Black "Anastasian, Ashot"]
[Result "0-1"]
[WhiteElo "2491"]
[BlackElo "2561"]
[Annotator "Finkel,A"]
[PlyCount "98"]
[EventDate "2003.05.30"]
[EventType "swiss"]
[EventRounds "13"]
[EventCountry "TUR"]
[SourceTitle "CBM 096"]
[Source "ChessBase"]
[SourceDate "2003.09.25"]
[SourceVersion "1"]
[SourceVersionDate "2003.09.25"]
[SourceQuality "1"]

1. e4 (1. d4 d5 2. c4 c6 3. Nf3 Nf6 4. e3 e6 5. Nc3 Be7 6. Bd3 Nbd7 7. O-O O-O
8. e4 dxe4 9. Nxe4 b6 10. Qe2 Bb7 11. Rd1 c5 12. Nxf6+ Bxf6 13. dxc5 bxc5 14.
Bc2 (14. Be4 Qc7 15. Rb1 Bxe4 16. Qxe4 Ne5 17. Ng5 Ng6 18. Be3 Rfd8 19. g3 $14
{Stangl,M-Slobodjan,R/Lippstadt 1997}) 14... Bc6 15. Bf4 Qc8 16. Ng5 g6 17. Ne4
Bg7 18. Bd6 Re8 19. Rab1 $14 {Becker,A-Feigin,M/Buenos Aires 1939/HCL}) 1... e6
2. d4 d5 3. Nc3 Be7 4. Bd3 dxe4 5. Nxe4 Nf6 6. Nf3 Nbd7 7. O-O O-O 8. Qe2 b6 9.
Rd1 Bb7 10. c4 (10. Ng3 Qc8 11. c3 Rd8 12. Bg5 c5 13. Ne5 h6 14. Bf4 Nxe5 15.
Bxe5 Qc6 $11 {John,W-Saemisch,F/Gothenburg 1920}) 10... c5 {Out of french
defense the position had transformed into one of variation of Slav defense! It
seems that Anastasian was more familiar with arising position, so he knew
exactly what kind of an endgame he is looking for...} 11. Nxf6+ Bxf6 12. dxc5
bxc5 13. Be4 {Trading strong lightsquared bishop of black seems very logical.}
(13. Bc2 Bc6 14. Bf4 Qc8 15. Ng5 Bxg5 16. Bxg5 Re8 17. Rd3 f6 18. Bd2 Nf8 19.
Rh3 Qb7 $13 {Wibe,T-Kristiansen,T/Skien 1980}) 13... Qc7 14. Rb1 Rfd8 15. Bxb7
$6 {Minor inaccuracy passing control over square e4 into black's hands.} (15.
Bg5 Bxe4 16. Qxe4 Bxg5 17. Nxg5 Nf6 18. Qe3 Rxd1+ 19. Rxd1 Rd8 $11) (15. Ng5 h6
16. Bxb7 Qxb7 17. Ne4 Bd4 18. b3 Qc6 19. Bb2 $13) 15... Qxb7 16. Bg5 $6 Ne5 $1
{Nice tactical blow forcing white to enter slightly worse endgame.} 17. Bxf6 (
17. Nxe5 Bxg5 18. b3 Bf6 $15) 17... Nxf3+ 18. Qxf3 (18. gxf3 $5 gxf6 19. Qe5 (
19. Qe4 Qc7 20. f4 f5 21. Qe5 Qc6 22. Qf6 $11)) 18... Qxf3 19. gxf3 gxf6 20.
Kf1 $6 {First step in the wrong direction. The simpliest way to a draw was by
eliminating all the pawns on the queenside.} (20. Rxd8+ Rxd8 21. b4 cxb4 (21...
Rd4 22. bxc5 Rxc4 23. Rb7 a5 24. Rb5 a4 25. Ra5 Kf8 26. c6 Ke7 27. Ra7+ Kd6 28.
c7 Kd7 29. c8=Q+ Kxc8 30. Rxf7 $11) 22. Rxb4 Rc8 23. Rb7 Rxc4 24. Rxa7 $11)
20... a5 21. Ke2 Kf8 22. b3 Ke7 23. a3 Rab8 24. Rxd8 $2 (24. Rd3 Rxd3 25. Kxd3
Rg8 26. b4 axb4 27. axb4 cxb4 28. Rxb4 Rg2 29. Rb7+ $11) 24... Kxd8 25. Kd3 Kc7
26. Kc3 Rg8 $17 {[%csl Rf2,Rh2] Now white is in deep troubles.} 27. b4 axb4+
28. axb4 cxb4+ 29. Rxb4 Rg2 30. Ra4 Rxf2 31. Ra7+ Kc6 32. Rxf7 Rxf3+ 33. Kb4 h5
34. Ra7 Kb6 35. Rh7 Rf5 36. Re7 Re5 37. Rh7 Kc6 38. Rh8 f5 39. Rxh5 Re2 40. Rh6
Kd6 41. c5+ Ke5 42. Kc3 Kd5 43. Kd3 Ra2 44. Ke3 Ra3+ 45. Kf2 (45. Kf4 Ra4+ 46.
Kf3 e5 47. c6 Ra3+ 48. Kf2 Rc3 $19) 45... Rc3 46. Rh5 Ke4 47. Rh6 e5 48. Rc6
Rc2+ 49. Kf1 Rxh2 0-1

[Event "Moscow op-A"]
[Site "Moscow"]
[Date "2016.02.07"]
[Round "9"]
[White "Gordievsky, Dmitry"]
[Black "Inarkiev, Ernesto"]
[Result "1-0"]
[WhiteElo "2506"]
[BlackElo "2676"]
[Annotator "Fischer,J"]
[PlyCount "80"]
[EventDate "2016.01.30"]
[EventType "swiss"]
[EventRounds "9"]
[EventCountry "RUS"]
[SourceTitle "CBM 170 Extra"]
[Source "ChessBase"]
[SourceDate "2016.02.25"]
[SourceVersion "1"]
[SourceVersionDate "2016.02.25"]
[SourceQuality "1"]

1. d4 d5 2. c4 c6 3. Nc3 Nf6 4. e3 e6 5. Nf3 Nbd7 6. Qc2 Bd6 7. Bd3 O-O 8. O-O
dxc4 9. Bxc4 b5 10. Be2 a6 11. Ng5 Qc7 12. e4 h6 13. e5 hxg5 14. exd6 Qxd6 15.
Bxg5 Qxd4 16. Rad1 Qc5 17. Be3 {All this has been played before. White is a
pawn down but Black's lack of development, the weakness on c6, White's active
pieces and the gaping hole on d6 guarantee White compensation.} Qf5 18. Bd3 Qh5
19. Ne4 Ng4 {Black puts his hope on a counter-attack.} ({Returning the extra
pawn with} 19... c5 20. Nxf6+ Nxf6 21. Bxc5 {is safer but gives White a
pleasant position and the pair of bishops.}) 20. Bf4 f5 21. Nd6 g5 22. h3 gxf4
23. hxg4 fxg4 {Now White is two pawns down but Black is still not developed
and his king is exposed. However, if White is careless Black suddenly mates
him with ...g3.} 24. Bg6 Qg5 25. Rfe1 Nf6 26. Bf7+ Kh8 ({After} 26... Rxf7 27.
Nxf7 Kxf7 28. Qxc6 {Black loses material.}) 27. Qc3 Ra7 28. Re5 Qg7 29. Bxe6
Bxe6 30. Rxe6 g3 31. fxg3 fxg3 32. Rf1 $1 {Exploiting the various pins on the
dark squares.} Nh7 33. Rxf8+ Nxf8 34. Rf6 {Threatening 35.Rxf8+.} Kh7 35. Nf5
b4 36. Qxc6 (36. Qd4 {wins even quicker.}) 36... Qg4 37. Rh6+ Kg8 38. Qd5+ Rf7
39. Nd6 Ne6 40. Rxe6 Kg7 1-0

[Event "Altensteig"]
[Site "Altensteig"]
[Date "1990.??.??"]
[Round "1"]
[White "Topalov, Veselin"]
[Black "Gabriel, Christian"]
[Result "1-0"]
[WhiteElo "2475"]
[BlackElo "2365"]
[Annotator "Ftacnik,L"]
[PlyCount "41"]
[EventDate "1990.07.??"]
[EventType "tourn"]
[EventRounds "11"]
[EventCountry "GER"]
[EventCategory "9"]
[SourceTitle "CBM 020"]
[Source "ChessBase"]
[SourceDate "1991.02.01"]
[SourceVersion "1"]
[SourceVersionDate "1991.02.01"]
[SourceQuality "1"]

1. d4 d5 2. c4 e6 3. Nc3 c6 4. e3 Nf6 5. Nf3 Nbd7 6. Qc2 Bb4 7. Be2 O-O 8. O-O
dxc4 9. Bxc4 Bd6 10. h3 e5 11. Bb3 Bc7 (11... Qe7 12. Nh4) (11... b5 $6 12. Ne4
Nxe4 13. Qxc6 $16) 12. Bd2 exd4 13. exd4 Nb6 14. Rfe1 Qd6 15. Rac1 Nfd5 (15...
Bd7 16. Nb5 cxb5 17. Qxc7 Qxc7 18. Rxc7 Bc6 19. Bb4 $16) 16. Nxd5 Nxd5 17. Re5
$1 Ne7 (17... Be6 18. Ng5 g6 19. Nxe6 fxe6 $16) 18. Ng5 Ng6 19. Rce1 Bd7 (19...
Qxd4 20. Nxf7 $1 Bxe5 (20... Rxf7 21. Re8+ Nf8 22. Bxf7+ Kxf7 23. R1e7+ Kg8 24.
Bc3 $18) 21. Nxe5+ Kh8 22. Bc3 Qd6 23. Nxg6+ hxg6 24. Qe4 Rf4 25. Qe8+ Rf8 26.
Qe7 Qxe7 27. Rxe7 $18) (19... h6 20. Nxf7 Rxf7 21. Re8+ Nf8 22. Bxf7+ Kxf7 23.
Rxc8 Rxc8 24. Qf5+ $18) 20. h4 $1 Qxd4 (20... h6 21. h5 $18) 21. h5 $1 {
Ftacnik,L} (21. h5 $1 Bxe5 22. hxg6 hxg6 23. Qxg6 $18) 1-0